Welcome to WEB OPAC of MRSPTU Central Library

Strength of materials (Record no. 2281)

MARC details
000 -LEADER
fixed length control field 00364nam a2200145Ia 4500
008 - FIXED-LENGTH DATA ELEMENTS--GENERAL INFORMATION
fixed length control field 230711s9999||||xx |||||||||||||| ||und||
041 ## - LANGUAGE CODE
Language code of text/sound track or separate title ENG
082 ## - DEWEY DECIMAL CLASSIFICATION NUMBER
Classification number 620.112
Item number RA-S
100 ## - MAIN ENTRY--PERSONAL NAME
Personal name Ramamrutham.S
245 #0 - TITLE STATEMENT
Title Strength of materials
250 ## - EDITION STATEMENT
Edition statement 14th
260 ## - PUBLICATION, DISTRIBUTION, ETC.
Date of publication, distribution, etc. 2003
Place of publication, distribution, etc. New Delhi
Name of publisher, distributor, etc. Dhanpat Rai & Co.(Pvt.)Ltd.
650 ## - SUBJECT ADDED ENTRY--TOPICAL TERM
Topical term or geographic name entry element Mechanical Engineering
942 ## - ADDED ENTRY ELEMENTS (KOHA)
Koha item type Book
Holdings
Withdrawn status Lost status Damaged status Not for loan Collection Home library Current library Date acquired Total checkouts Full call number Barcode Date last seen Price effective from Koha item type Date last checked out
          MRSPTU Central Library MRSPTU Central Library     620.112 RA-S 9267 08/17/2023 08/17/2023 Book  
          MRSPTU Central Library MRSPTU Central Library     620.112 RA-S 11248 08/17/2023 08/17/2023 Book  
          MRSPTU Central Library MRSPTU Central Library     620.112 RA-S 11249 08/17/2023 08/17/2023 Book  
          MRSPTU Central Library MRSPTU Central Library     620.112 RA-S 11250 08/17/2023 08/17/2023 Book  
          MRSPTU Central Library MRSPTU Central Library     620.112 RA-S 11251 08/17/2023 08/17/2023 Book  
          MRSPTU Central Library MRSPTU Central Library     620.112 RA-S 11252 08/17/2023 08/17/2023 Book  
          MRSPTU Central Library MRSPTU Central Library     620.112 RA-S 11253 08/17/2023 08/17/2023 Book  
          MRSPTU Central Library MRSPTU Central Library     620.112 RA-S 11254 08/17/2023 08/17/2023 Book  
          MRSPTU Central Library MRSPTU Central Library     620.112 RA-S 11255 08/17/2023 08/17/2023 Book  
          MRSPTU Central Library MRSPTU Central Library     620.112 RA-S 11256 08/17/2023 08/17/2023 Book  
          MRSPTU Central Library MRSPTU Central Library     620.112 RA-S 11257 08/17/2023 08/17/2023 Book  
          MRSPTU Central Library MRSPTU Central Library   6 620.112 RA-S 14490 01/01/2024 08/17/2023 Book 12/26/2023
          MRSPTU Central Library MRSPTU Central Library     620.112 RA-S 14491 08/17/2023 08/17/2023 Book  
          MRSPTU Central Library MRSPTU Central Library     620.112 RA-S 14492 08/17/2023 08/17/2023 Book  

Website Designed and Developed by MRSPTU Central Library Team

E-mail Id: librarian@mrsptu.ac.in